Signal Transduction in Mast Cells and Basophils /

Mast cells and basophils are responsible for inflammatory and allergic reactions. As such, the signals that generate these responses and how their pathways of action work are the focus of much present day research into allergy and inflammation. This book focuses primarily on the molecular mechanisms...

Full description

Bibliographic Details
Main Author: Razin, Ehud
Corporate Author: SpringerLink (Online service)
Other Authors: Rivera, Juan
Format: eBook
Language:English
Published: New York, NY : Springer New York, 1999.
Subjects:
Online Access:Connect to the full text of this electronic book

MARC

Tag First Indicator Second Indicator Subfields
LEADER 00000cam a2200000Mi 4500
001 in00003575913
006 m o d
007 cr mnu---uuaaa
008 121227s1999 nyua o 000 0 eng
005 20260420212504.4
019 |a 840278321 
020 |a 9781461221548 (electronic bk.) 
020 |a 1461221544 (electronic bk.) 
020 |z 9781461274353 
020 |z 1461274354 
035 |a (OCoLC)853270814  |z (OCoLC)840278321 
040 |a AU@  |b eng  |e pn  |c AU@  |d OCLCO  |d OCLCQ  |d I9W  |d GW5XE  |d OCLCQ  |d OCLCF  |d UtOrBLW 
049 |a TXAM 
050 4 |a QH301-705 
072 7 |a PSA  |2 bicssc 
072 7 |a SCI086000  |2 bisacsh 
082 0 4 |a 570  |2 23 
100 1 |a Razin, Ehud. 
245 1 0 |a Signal Transduction in Mast Cells and Basophils /  |c edited by Ehud Razin, Juan Rivera. 
264 1 |a New York, NY :  |b Springer New York,  |c 1999. 
300 |a 1 online resource (xx, 423 pages 58 illustrations, 1 illustration in color.) 
336 |a text  |b txt  |2 rdacontent 
337 |a computer  |b c  |2 rdamedia 
338 |a online resource  |b cr  |2 rdacarrier 
520 |a Mast cells and basophils are responsible for inflammatory and allergic reactions. As such, the signals that generate these responses and how their pathways of action work are the focus of much present day research into allergy and inflammation. This book focuses primarily on the molecular mechanisms that govern mast cell and basophil cell biology and function, as well as providing a comprehensive summary of the field of signal transduction and also giving insights into areas that have therapeutic potential. The book provides detailed insights into mast cell and basophil growth and development, their activation by allergens, including details of receptor activation and downstream events, and the regulators of morphology and degranulation. The metabolic pathways involved in prostaglandin and leukotriene production are discussed as is the role of transcription factors in mast cell growth and cytokine production. Written by leaders in the field, this volume will provide the reader with an up-to-date account of a topic where the rapid progress makes conventional information gathering difficult. 
500 |a Electronic resource. 
650 0 |a Life sciences. 
650 0 |a Immunology. 
650 0 |a Cytology. 
650 7 |a Cytology.  |2 fast  |0 (OCoLC)fst00886282 
650 7 |a Immunology.  |2 fast  |0 (OCoLC)fst00968006 
650 7 |a Life sciences.  |2 fast  |0 (OCoLC)fst00998323 
655 7 |a Electronic books.  |2 local 
700 1 |a Rivera, Juan. 
710 2 |a SpringerLink (Online service) 
776 1 8 |i Print version:  |z 9781461274353 
856 4 0 |u http://proxy.library.tamu.edu/login?url=https://link.springer.com/10.1007/978-1-4612-2154-8  |z Connect to the full text of this electronic book  |t 0 
994 |a 92  |b TXA 
999 |a MARS 
999 f f |s a0f34c4e-da42-3d54-80fc-6c4030a6fb14  |i 59786b3b-cc01-3e04-83b3-239d94515f8c  |t 0 
952 f f |a Texas A&M University  |b College Station  |c Electronic Resources  |s www_evans  |d Available Online  |t 0  |e QH301-705  |h Library of Congress classification 
998 f f |a QH301-705  |t 0  |l Available Online